[Event "40.C.to Italiano"]
[Site "Argnano Terme Napoli ITA"]
[Date "1981.03.21"]
[Round "7.8"]
[White "Passerotti, Pierluigi"]
[Black "Sartori, Spartaco"]
[Result "1/2-1/2"]
[WhiteElo "2335"]
[BlackElo "2275"]
[Annotator "Gabriele Ballarin"]
[PlyCount "84"]
[EventDate "1981.03.14"]
[EventType "swiss"]
[EventRounds "11"]
[EventCountry "ITA"]

{[%evp 0,82,21,35,54,15,17,-39,3,-36,-40,18,18,18,13,-5,11,24,-2,-26,-26,-20,-31,-31,-58,-58,-51,-54,-29,-44,-44,-62,-33,-38,-63,-123,-114,-158,-112,-123,-80,-54,-64,-57,-62,-59,136,8,8,-60,14,1,49,35,80,20,72,51,105,48,48,-116,-102,-289,-93,-79,27,13,179,204,201,197,198,213,208,91,169,45,41,22,16,14,22,0,8]} 1. e4 e6 2. d3 d5 3. Nd2 Nf6 4. Ngf3 Nc6 5. e5 Nd7 6. d4 f6 7. exf6 Qxf6 8. Nb3 e5 9. dxe5 Ndxe5 10. Qxd5 Be6 11. Qe4 Nxf3+ 12. Qxf3 Qxf3 13. gxf3 O-O-O 14. c3 Bd5 15. Be2 Ne5 16. Nd2 Bd6 17. h4 Rhf8 18. Rh3 Rde8 19. Kf1 Ng6 20. Ne4 Bxe4 21. fxe4 Rxe4 22. h5 Bc5 23. Bf3 Nf4 24. Rh4 Rc4 25. Bd2 Bd6 26. Rd1 Ra4 27. a3 Ra5 28. Be3 Be5 29. Bg4+ Kb8 30. Bf5 Nd5 31. Re4 Rxf5 32. b4 c6 33. bxa5 Nxc3 34. Rxe5 Rxe5 35. Bf4 Nxd1 36. Bxe5+ Kc8 37. Bd4 c5 38. Bxc5 Nb2 39. Bd4 Nc4 40. Bxg7 Nxa5 41. Bd4 b6 42. Ke2 Kd7 1/2-1/2

[Event "40.C.to Italiano"]
[Site "Argnano Terme Napoli ITA"]
[Date "1981.03.23"]
[Round "9.4"]
[White "Bruno, Fabio"]
[Black "Vallifuoco, Giacomo"]
[Result "1/2-1/2"]
[WhiteElo "2265"]
[BlackElo "2270"]
[Annotator "Gabriele Ballarin"]
[PlyCount "94"]
[EventDate "1981.03.14"]
[EventType "swiss"]
[EventRounds "11"]
[EventCountry "ITA"]

{[%evp 0,90,28,28,29,0,-1,-13,40,36,29,-6,-5,11,16,-21,-21,-97,-26,-70,-39,-58,-25,-28,-15,-9,-12,-31,15,0,0,0,-14,-24,-15,-51,-14,-33,-20,-26,-26,-36,6,-11,-11,-63,-30,-46,-3,-3,18,-10,-10,-10,-16,-14,-14,-14,6,-3,22,26,21,21,36,13,17,0,31,-14,36,-5,31,36,23,-22,8,10,0,-7,26,0,15,-3,3,-32,-47,-55,-71,-108,0,0,0]} 1. Nf3 Nf6 2. g3 d5 3. Bg2 c6 4. O-O Bf5 5. b3 h6 6. Bb2 e6 7. Re1 Nbd7 8. c4 Be7 9. d4 O-O 10. Nbd2 Ne4 11. Nxe4 Bxe4 12. Nd2 Bxg2 13. Kxg2 b5 14. e4 bxc4 15. bxc4 Bb4 16. cxd5 cxd5 17. exd5 exd5 18. Re2 Nb6 19. Nf3 Nc4 20. Qd3 Qa5 21. a3 Bd6 22. Ne5 Rac8 23. Rc2 Nxb2 24. Rxb2 a6 25. Rc2 Rxc2 26. Qxc2 Bxe5 27. dxe5 d4 28. Qe4 Rd8 29. Rd1 Qxa3 30. Rxd4 Rxd4 31. Qxd4 Qa2 32. Qd8+ Kh7 33. Qd3+ g6 34. Qd8 Qc2 35. Qa8 Qe2 36. Qd8 Qc2 37. Qa8 Qe2 38. Qd5 Kg7 39. Qc6 Qb5 40. Qf6+ Kg8 41. Qd6 Qb7+ 42. Kg1 Kh7 43. h4 a5 44. h5 Qb1+ 45. Kh2 gxh5 46. e6 fxe6 47. Qe7+ Kh8 1/2-1/2

[Event "40.C.to Italiano"]
[Site "Argnano Terme Napoli ITA"]
[Date "1981.03.25"]
[Round "11.3"]
[White "Vallifuoco, Giacomo"]
[Black "Cocchi, Andrea"]
[Result "1-0"]
[WhiteElo "2270"]
[BlackElo "2245"]
[Annotator "Gabriele Ballarin"]
[PlyCount "69"]
[EventDate "1981.03.14"]
[EventType "swiss"]
[EventRounds "11"]
[EventCountry "ITA"]

1. d4 Nf6 2. c4 e6 3. Nf3 b6 4. a3 Bb7 5. Nc3 d5 6. cxd5 Nxd5 7. e3 Be7 8. Bb5+ c6 9. Bd3 O-O 10. Qc2 h6 11. e4 Nxc3 12. bxc3 c5 13. O-O Nc6 14. Bb2 Rc8 15. Qe2 cxd4 16. cxd4 Na5 17. Rad1 Bf6 18. Bb1 g6 19. h4 Bxh4 20. d5 exd5 21. Nxh4 Qxh4 22. exd5 Kh7 23. Rd4 Qd8 24. Rfd1 Qd6 25. Re4 Rc5 26. Ba2 Qd7 27. Qd3 Qf5 28. Qd4 Rg8 29. Rf4 Qd7 30. Qf6 h5 31. Re1 Bxd5 32. Re7 Qd8 33. Bxd5 Qxd5 34. Rxf7+ Kh6 35. Qe7 1-0

[Event "41.C.to Italiano"]
[Site "Barcellona Pozzo di Gotto ITA"]
[Date "1981.08.03"]
[Round "3"]
[White "Cocchi, Andrea"]
[Black "Tatai, Stefano"]
[Result "1/2-1/2"]
[WhiteElo "2267"]
[BlackElo "2467"]
[Annotator "Gabriele Ballarin"]
[PlyCount "26"]
[EventDate "1981.08.01"]
[EventType "tourn"]
[EventCountry "ITA"]

1. d4 Nf6 2. Nf3 b6 3. Bg5 e6 4. e3 Bb7 5. Nbd2 Be7 6. Bd3 d5 7. Ne5 Ne4 8. Bxe7 Qxe7 9. c3 O-O 10. Qh5 g6 11. Qe2 f6 12. Nef3 Nd7 13. O-O Nxd2 1/2-1/2

[Event "11.C.to Italiano femminile"]
[Site "Amelia ITA"]
[Date "1981.10.15"]
[Round "1"]
[White "Belfiore, Argentina"]
[Black "Granatelli, Alda"]
[Result "0-1"]
[WhiteElo "1400"]
[BlackElo "1200"]
[Annotator "Gabriele Ballarin"]
[PlyCount "43"]
[EventDate "1981.10.15"]
[EventType "swiss"]
[EventRounds "9"]
[EventCountry "ITA"]

1. e4 c6 2. d4 d5 3. Nc3 dxe4 4. Nxe4 Bf5 5. Ng3 Bg6 6. Nf3 Nd7 7. Nh4 e6 8. Nf3 h6 9. Be2 Ngf6 10. Nd2 Be7 11. O-O O-O 12. c3 Re8 13. Re1 Rc8 14. Bf3 Bd6 15. Nde4 Nxe4 16. Bxe4 Bxe4 17. Nxe4 Nf6 18. Qf3 Nxe4 19. Qxe4 f5 20. Qf3 Qh4 21. h3 Bc7 22. Bd2 {Nur} 0-1

[Event "11.C.to Italiano femminile"]
[Site "Amelia ITA"]
[Date "1981.10.15"]
[Round "1"]
[White "Corleo, Margherita"]
[Black "Leoni, Laura"]
[Result "1-0"]
[WhiteElo "1200"]
[BlackElo "1400"]
[Annotator "Gabriele Ballarin"]
[PlyCount "41"]
[EventDate "1981.10.15"]
[EventType "swiss"]
[EventRounds "9"]
[EventCountry "ITA"]

1. e4 d6 2. d4 Nf6 3. Nc3 g6 4. Nf3 Bg7 5. h3 O-O 6. Bc4 c6 7. a4 Nbd7 8. O-O e5 9. Bg5 Re8 10. d5 Qb6 11. dxc6 Qxc6 12. Qe2 b6 13. Nd5 Bb7 14. Nxf6+ Bxf6 15. Bxf6 Nxf6 16. Bb5 Qxe4 17. Qxe4 Bxe4 18. Bxe8 Rxe8 19. Ne1 d5 20. Rc1 d4 21. Nd3 1-0

[Event "11.C.to Italiano femminile"]
[Site "Amelia ITA"]
[Date "1981.10.15"]
[Round "1"]
[White "Iacono, Rosaria"]
[Black "Moscatiello, Annamaria"]
[Result "1/2-1/2"]
[WhiteElo "1400"]
[BlackElo "1400"]
[Annotator "Gabriele Ballarin"]
[PlyCount "52"]
[EventDate "1981.10.15"]
[EventType "swiss"]
[EventRounds "9"]
[EventCountry "ITA"]

1. b3 d5 2. Bb2 Nf6 3. e3 Bf5 4. Nf3 Nbd7 5. Be2 e6 6. O-O Bd6 7. d3 Qe7 8. c4 c6 9. cxd5 cxd5 10. Nc3 a6 11. Re1 Ba3 12. Bxa3 Qxa3 13. Qc1 Qxc1 14. Raxc1 O-O 15. Nh4 Bg6 16. Nxg6 hxg6 17. Na4 Rfc8 18. d4 Ne4 19. f3 Nd6 20. Nc5 Nxc5 21. Rxc5 b6 22. Rcc1 Kf8 23. a4 a5 24. Bd3 Ke7 25. Kf2 Rxc1 26. Rxc1 Rc8 1/2-1/2

[Event "11.C.to Italiano femminile"]
[Site "Amelia ITA"]
[Date "1981.10.15"]
[Round "1"]
[White "Perini, Gianna"]
[Black "Chiapponi, Paola"]
[Result "1/2-1/2"]
[WhiteElo "1400"]
[BlackElo "1400"]
[Annotator "Gabriele Ballarin"]
[PlyCount "66"]
[EventDate "1981.10.15"]
[EventType "swiss"]
[EventRounds "9"]
[EventCountry "ITA"]

1. d4 Nf6 2. c4 d6 3. Nc3 g6 4. e4 Bg7 5. f3 O-O 6. Be3 e5 7. d5 Bd7 8. Qd2 h6 9. Bd3 Kh7 10. Nge2 Ng8 11. O-O-O f5 12. exf5 Bxf5 13. Ne4 Nf6 14. N2g3 Nxe4 15. Nxe4 Nd7 16. h4 Nf6 17. Ng5+ hxg5 18. hxg5+ Kg8 19. gxf6 Qxf6 20. Bg5 Qf7 21. Rdf1 Bf6 22. Bxf6 Qxf6 23. Bxf5 Qxf5 24. Qh6 Qf4+ 25. Qxf4 Rxf4 26. b3 Rf7 27. Kd2 Kg7 28. Rh4 Rh8 29. Rfh1 Rxh4 30. Rxh4 Rf4 31. Rh1 a6 32. Ke3 Rf8 33. g3 Rh8 1/2-1/2

[Event "11.C.to Italiano femminile"]
[Site "Amelia ITA"]
[Date "1981.10.16"]
[Round "2"]
[White "Chiapponi, Paola"]
[Black "Iacono, Rosaria"]
[Result "1/2-1/2"]
[WhiteElo "1400"]
[BlackElo "1400"]
[Annotator "Gabriele Ballarin"]
[PlyCount "102"]
[EventDate "1981.10.15"]
[EventType "swiss"]
[EventRounds "9"]
[EventCountry "ITA"]

1. d4 d5 2. Nf3 e6 3. e3 Nf6 4. c4 Be7 5. Nc3 O-O 6. b3 Nbd7 7. Bd3 b6 8. O-O Bb7 9. Re1 Ne4 10. Bb2 Ndf6 11. Nd2 Bd6 12. f3 Nxc3 13. Bxc3 Nh5 14. f4 Nf6 15. Qe2 Ne4 16. Nxe4 dxe4 17. Bc2 Qf6 18. Rad1 Rad8 19. Ba1 Qg6 20. Rf1 f5 21. h4 Qg3 22. Qf2 Qg4 23. Kh2 Be7 24. g3 Rd7 25. Rd2 Bb4 26. Bd1 Qg6 27. Bc2 Bxd2 28. Qxd2 Qe8 29. Qf2 Qe7 30. Bd1 a5 31. g4 Bc6 32. g5 Rdd8 33. h5 Be8 34. Kg2 Bf7 35. Rh1 c6 36. Kf1 Be8 37. h6 g6 38. d5 Qa3 39. Qd2 Rf7 40. Qd4 Kf8 41. Qh8+ Ke7 42. Bf6+ Kd7 43. Bxd8 Kxd8 44. Rh2 cxd5 45. Rd2 Qc5 46. Kf2 Qc6 47. cxd5 exd5 48. Rc2 Qb7 49. a4 Rc7 50. Rd2 Qc6 51. Qd4 Qc5 1/2-1/2

[Event "11.C.to Italiano femminile"]
[Site "Amelia ITA"]
[Date "1981.10.16"]
[Round "2"]
[White "Granatelli, Alda"]
[Black "Corleo, Margherita"]
[Result "1-0"]
[WhiteElo "1200"]
[BlackElo "1200"]
[Annotator "Gabriele Ballarin"]
[PlyCount "85"]
[EventDate "1981.10.15"]
[EventType "swiss"]
[EventRounds "9"]
[EventCountry "ITA"]

1. e4 c5 2. Nf3 d6 3. Bb5+ Bd7 4. Bxd7+ Nxd7 5. c3 Ngf6 6. d3 g6 7. O-O Bg7 8. Re1 O-O 9. Nbd2 b5 10. Nf1 Qc7 11. Be3 Ng4 12. Bf4 Nge5 13. Nxe5 Nxe5 14. Ne3 e6 15. Rc1 Qe7 16. Bg3 Rad8 17. f4 Nc6 18. f5 a6 19. Qf3 Ne5 20. Bxe5 dxe5 21. Rcd1 Rd6 22. Ng4 exf5 23. exf5 h5 24. Nf2 Rf6 25. Qd5 Rxf5 26. Ne4 Rd8 27. Qxc5 Qh4 28. Qe3 Kh7 29. Qg3 Qe7 30. Rf1 h4 31. Qh3 Rh5 32. Qf3 f5 33. Nf2 Rf8 34. Rfe1 e4 35. dxe4 fxe4 36. Qe3 Rhf5 37. Nxe4 Bh6 38. Qd3 R5f7 39. Qd6 Qa7+ 40. Qd4 Qb8 41. Qd5 Qf4 42. Ng5+ Bxg5 43. Qxg5 1-0

[Event "11.C.to Italiano femminile"]
[Site "Amelia ITA"]
[Date "1981.10.16"]
[Round "2"]
[White "Leoni, Laura"]
[Black "Belfiore, Argentina"]
[Result "1-0"]
[WhiteElo "1400"]
[BlackElo "1400"]
[Annotator "Gabriele Ballarin"]
[PlyCount "115"]
[EventDate "1981.10.15"]
[EventType "swiss"]
[EventRounds "9"]
[EventCountry "ITA"]

1. d4 d5 2. Nf3 Nc6 3. g3 Nf6 4. Bg2 e6 5. O-O Be7 6. Bf4 b6 7. Nbd2 Bb7 8. c3 Qd7 9. Re1 Bd6 10. Bxd6 cxd6 11. e4 O-O 12. exd5 exd5 13. Ng5 Ne7 14. Bh3 Nf5 15. Qc2 g6 16. Bxf5 Qxf5 17. Qxf5 gxf5 18. Re7 Bc6 19. Rae1 h6 20. Nh3 Rfe8 21. Nf3 Ne4 22. Rxe8+ Rxe8 23. Nh4 Bd7 24. f3 Nf6 25. Rxe8+ Nxe8 26. Nf4 Nf6 27. Nhg2 Kf8 28. Ne3 Be6 29. Nc2 a5 30. Na3 Bd7 31. Kf2 Ke7 32. Nc2 b5 33. a3 Bc6 34. Ne3 Bd7 35. Nexd5+ Nxd5 36. Nxd5+ Kf8 37. b3 Be6 38. Nc7 Bxb3 39. Nxb5 Ke7 40. Ke3 Be6 41. Kd3 Bd5 42. f4 Kd7 43. c4 Be4+ 44. Ke3 Bc6 45. Nc3 Ke7 46. d5 Bb7 47. Ne2 h5 48. Nd4 Kf6 49. Nb5 Ke7 50. Kd4 Ba6 51. a4 Kd7 52. c5 Bxb5 53. axb5 Kc7 54. b6+ Kb7 55. cxd6 Kxb6 56. Ke5 Kb7 57. Kf6 a4 58. d7 1-0

[Event "11.C.to Italiano femminile"]
[Site "Amelia ITA"]
[Date "1981.10.16"]
[Round "2"]
[White "Minniti, Enza"]
[Black "Gramignani, Rita"]
[Result "0-1"]
[WhiteElo "1400"]
[BlackElo "1800"]
[Annotator "Gabriele Ballarin"]
[PlyCount "86"]
[EventDate "1981.10.15"]
[EventType "swiss"]
[EventRounds "9"]
[EventCountry "ITA"]

1. d4 Nf6 2. c4 g6 3. Nc3 Bg7 4. e4 d6 5. f4 c5 6. d5 O-O 7. Nf3 Na6 8. a3 Nc7 9. Bd3 a6 10. Rb1 b5 11. b3 Nh5 12. Na2 bxc4 13. bxc4 Bg4 14. Be2 Rb8 15. Bd2 Nf6 16. Nc3 Na8 17. O-O Nb6 18. Ng5 Bd7 19. f5 Qc7 20. fxg6 hxg6 21. Qe1 Na4 22. Qh4 Rxb1 23. Nxb1 Rb8 24. Nf3 Nh5 25. Qxe7 Bf6 26. Ba5 Nb6 27. Qxf6 Nxf6 28. Ng5 Qd8 29. Bc3 Bf5 30. exf5 Nfxd5 31. Nxf7 Kxf7 32. fxg6+ Kg8 33. g7 Qg5 34. cxd5 Qe3+ 35. Rf2 Nxd5 36. Bd2 Rxb1+ 37. Bf1 Qd4 38. g3 Ne3 39. Bxe3 Qxe3 40. Kg2 Qe4+ 41. Kh3 d5 42. Re2 Qh4+ 43. Kxh4 Rxf1 0-1

[Event "11.C.to Italiano femminile"]
[Site "Amelia ITA"]
[Date "1981.10.17"]
[Round "2"]
[White "Moscatiello, Annamaria"]
[Black "Ameglio, Lucia"]
[Result "1-0"]
[WhiteElo "1400"]
[BlackElo "800"]
[Annotator "Gabriele Ballarin"]
[PlyCount "79"]
[EventDate "1981.10.15"]
[EventType "swiss"]
[EventRounds "9"]
[EventCountry "ITA"]

1. e4 c6 2. d4 d5 3. exd5 cxd5 4. Bd3 Nf6 5. h3 g6 6. Nf3 Bg7 7. O-O O-O 8. Re1 Nc6 9. c3 Re8 10. Nbd2 Nd7 11. Qb3 e6 12. Nf1 Na5 13. Qc2 Nc6 14. Bf4 f6 15. Bg3 e5 16. Qb3 Qa5 17. Re2 Kf8 18. dxe5 Ndxe5 19. Nxe5 Nxe5 20. Bxe5 fxe5 21. Rae1 Be6 22. Qa3+ Qxa3 23. bxa3 e4 24. Bb5 Bxc3 25. Rc1 Rec8 26. Ng3 Be5 27. Rb1 Bf5 28. Nxf5 gxf5 29. Bd7 Rc3 30. Bxf5 h5 31. Rd2 Rd8 32. Bxe4 Rxa3 33. Rxb7 Ra5 34. Bf3 Rc8 35. Rb1 Rac5 36. Rbd1 d4 37. Bxh5 Bf4 38. Rxd4 Rf5 39. Bg4 Rc1 40. Bxf5 {Nur} 1-0

[Event "11.C.to Italiano femminile"]
[Site "Amelia ITA"]
[Date "1981.10.17"]
[Round "3"]
[White "Ameglio, Lucia"]
[Black "Belfiore, Argentina"]
[Result "0-1"]
[WhiteElo "800"]
[BlackElo "1400"]
[Annotator "Gabriele Ballarin"]
[PlyCount "54"]
[EventDate "1981.10.15"]
[EventType "swiss"]
[EventRounds "9"]
[EventCountry "ITA"]

1. d4 d5 2. c4 e6 3. g3 c6 4. Nd2 Nd7 5. Bg2 Ngf6 6. h3 b6 7. Ngf3 Be7 8. O-O O-O 9. Re1 Ba6 10. Qa4 Qc7 11. Ne5 Nxe5 12. dxe5 Nd7 13. e4 Nc5 14. Qc2 Qd8 15. exd5 cxd5 16. Nb3 Rc8 17. cxd5 Nd3 18. Qe2 Nxe1 19. Qxa6 Nxg2 20. Kxg2 Qxd5+ 21. f3 Rc2+ 22. Bd2 Rxd2+ 23. Nxd2 Qxd2+ 24. Kf1 Bc5 25. Qe2 Qd4 26. Kg2 Rd8 27. Rd1 Qxd1 0-1

[Event "11.C.to Italiano femminile"]
[Site "Amelia ITA"]
[Date "1981.10.17"]
[Round "3"]
[White "Corleo, Margherita"]
[Black "Iacono, Rosaria"]
[Result "0-1"]
[WhiteElo "1200"]
[BlackElo "1400"]
[Annotator "Gabriele Ballarin"]
[PlyCount "140"]
[EventDate "1981.10.15"]
[EventType "swiss"]
[EventRounds "9"]
[EventCountry "ITA"]

1. e4 e6 2. d4 d5 3. exd5 exd5 4. Bd3 Bd6 5. Ne2 Ne7 6. O-O O-O 7. Bf4 Bf5 8. Nbc3 c6 9. Bxd6 Qxd6 10. Bxf5 Nxf5 11. Qd3 Qf6 12. Nd1 Nd7 13. Ne3 Nxe3 14. fxe3 Qd6 15. b3 Nf6 16. Ng3 Rfe8 17. Rae1 Ne4 18. Nxe4 Rxe4 19. Rf3 Rae8 20. Rh3 Qe6 21. Qe2 Rxd4 22. c3 Re4 23. Qh5 Qg6 24. Qf3 R8e5 25. Qf2 Rf5 26. Rf3 Rxf3 27. Qxf3 Qg4 28. Qf2 Qh4 29. g3 Qg5 30. Kg2 Re7 31. a3 Qe5 32. Qd2 Qe4+ 33. Kf2 Re6 34. Re2 Rf6+ 35. Kg1 Qb1+ 36. Re1 Qxb3 37. Qd4 Qa2 38. e4 Re6 39. Qxa7 h6 40. Qxb7 Qd2 41. Rf1 Qe3+ 42. Kh1 Qxe4+ 43. Kg1 Qe3+ 44. Kg2 Qe2+ 45. Rf2 Qe4+ 46. Kg1 Qe1+ 47. Rf1 Qe3+ 48. Rf2 Rf6 49. Qb8+ Kh7 50. Qb2 Qe1+ 51. Kg2 Qe4+ 52. Kg1 Rxf2 53. Qxf2 Kg8 54. Qc5 Qb1+ 55. Kg2 Qb2+ 56. Kg1 Qb5 57. Qb4 Qxb4 58. cxb4 Kf8 59. Kf2 Ke7 60. Ke3 Kd6 61. a4 g6 62. a5 f5 63. Kd4 g5 64. a6 Kc7 65. Ke5 Kb6 66. a7 Kxa7 67. Kxf5 Kb6 68. Ke5 Kb5 69. Kd4 Kxb4 70. h3 c5+ 0-1

[Event "11.C.to Italiano femminile"]
[Site "Amelia ITA"]
[Date "1981.10.17"]
[Round "3"]
[White "Gramignani, Rita"]
[Black "Pernici, Barbara"]
[Result "1/2-1/2"]
[WhiteElo "1800"]
[BlackElo "2000"]
[Annotator "Gabriele Ballarin"]
[PlyCount "35"]
[EventDate "1981.10.15"]
[EventType "swiss"]
[EventRounds "9"]
[EventCountry "ITA"]

1. e4 c5 2. Nf3 Nc6 3. d4 cxd4 4. Nxd4 Nf6 5. Nc3 e5 6. Ndb5 d6 7. Nd5 Nxd5 8. exd5 Nb8 9. c4 Be7 10. Bd3 a6 11. Nc3 O-O 12. O-O f5 13. f3 Nd7 14. Be3 g6 15. b4 Bf6 16. Rc1 Bg7 17. c5 dxc5 18. bxc5 1/2-1/2

[Event "11.C.to Italiano femminile"]
[Site "Amelia ITA"]
[Date "1981.10.17"]
[Round "3"]
[White "Leoni, Laura"]
[Black "Perini, Gianna"]
[Result "1/2-1/2"]
[WhiteElo "1400"]
[BlackElo "1400"]
[Annotator "Gabriele Ballarin"]
[PlyCount "74"]
[EventDate "1981.10.15"]
[EventType "swiss"]
[EventRounds "9"]
[EventCountry "ITA"]

1. d4 Nf6 2. Nf3 g6 3. g3 Bg7 4. Bg2 d6 5. O-O O-O 6. c4 c6 7. Re1 Bg4 8. Nbd2 Nbd7 9. e4 Qc7 10. b3 Rae8 11. Bb2 e5 12. d5 Nc5 13. Qc2 a5 14. a3 Rc8 15. b4 axb4 16. axb4 Na6 17. Qb3 cxd5 18. cxd5 Qc2 19. Qxc2 Rxc2 20. Ba3 b5 21. Bf1 Bh6 22. Red1 Bxf3 23. Nxf3 Ng4 24. Bxb5 Rxf2 25. Rf1 Rxf1+ 26. Rxf1 Nc7 27. Bc6 Rb8 28. Rb1 Nb5 29. Bb2 Nf6 30. Re1 Ne8 31. g4 f6 32. h4 Bf4 33. Kg2 Nec7 34. Ra1 Be3 35. Ne1 Nd4 36. Bxd4 Bxd4 37. Rd1 Nb5 {Nur} 1/2-1/2

[Event "11.C.to Italiano femminile"]
[Site "Amelia ITA"]
[Date "1981.10.17"]
[Round "3"]
[White "Moscatiello, Annamaria"]
[Black "Granatelli, Alda"]
[Result "1/2-1/2"]
[WhiteElo "1400"]
[BlackElo "1200"]
[Annotator "Gabriele Ballarin"]
[PlyCount "149"]
[EventDate "1981.10.15"]
[EventType "swiss"]
[EventRounds "9"]
[EventCountry "ITA"]

1. e4 c6 2. Nc3 d5 3. Nf3 dxe4 4. Nxe4 Bg4 5. h3 Bxf3 6. Qxf3 e6 7. c3 Nd7 8. d4 Ngf6 9. Ng3 Be7 10. Bd3 O-O 11. O-O Re8 12. Bf4 Rc8 13. Rad1 Qa5 14. Bc1 Qb6 15. b3 c5 16. Be3 Qc6 17. Qxc6 Rxc6 18. c4 cxd4 19. Bxd4 b6 20. Rfe1 Bb4 21. Re2 Rd6 22. Bc2 Bc5 23. Red2 Bxd4 24. Rxd4 Rxd4 25. Rxd4 Nc5 26. Ne2 g6 27. Nc3 Re7 28. Nb5 a6 29. Nc3 Rd7 30. Rxd7 Ncxd7 31. Kf1 Kf8 32. Ke2 Ke7 33. Ke3 h6 34. Bd1 Kd6 35. b4 Ne5 36. Be2 Kc7 37. a3 Nc6 38. Bf3 Ne5 39. Be2 Nc6 40. Nd1 Ne7 41. Kd3 Nf5 42. Ne3 Nd6 43. Kd4 Nd7 44. Ng4 Nf5+ 45. Ke4 h5 46. Nh2 Kd6 47. Nf3 f6 48. c5+ bxc5 49. Bxa6 cxb4 50. axb4 Kc7 51. Be2 Kb6 52. Kd3 Nd6 53. Nd2 Ne5+ 54. Kc3 Nc6 55. Nc4+ Nxc4 56. Bxc4 e5 57. Bf7 Ne7 58. Kc4 f5 59. Be8 h4 60. Ba4 g5 61. Bd1 Kc6 62. Ba4+ Kb6 63. Bd1 Kc6 64. Bc2 g4 65. f3 gxf3 66. gxf3 Kd6 67. b5 Nd5 68. Bd3 Ne7 69. Kb4 Kd5 70. Kc3 Kc5 71. Bc4 Nc8 72. Be6 Nd6 73. Kd3 e4+ 74. fxe4 fxe4+ 75. Ke3 1/2-1/2

[Event "11.C.to Italiano femminile"]
[Site "Amelia ITA"]
[Date "1981.10.19"]
[Round "4"]
[White "Belfiore, Argentina"]
[Black "Minniti, Enza"]
[Result "1/2-1/2"]
[WhiteElo "1400"]
[BlackElo "1400"]
[Annotator "Gabriele Ballarin"]
[PlyCount "33"]
[EventDate "1981.10.15"]
[EventType "swiss"]
[EventRounds "9"]
[EventCountry "ITA"]

1. e4 e5 2. Nf3 Nc6 3. Nc3 d6 4. d4 exd4 5. Nxd4 a6 6. Nxc6 bxc6 7. Bd3 d5 8. O-O Bd6 9. f4 Bc5+ 10. Kh1 Nf6 11. Qf3 O-O 12. a3 Ne8 13. Ne2 Rb8 14. Ng3 f5 15. e5 Bb6 16. c3 c5 17. c4 {Nur} 1/2-1/2

[Event "11.C.to Italiano femminile"]
[Site "Amelia ITA"]
[Date "1981.10.19"]
[Round "4"]
[White "Gramignani, Rita"]
[Black "Moscatiello, Annamaria"]
[Result "0-1"]
[WhiteElo "1800"]
[BlackElo "1400"]
[Annotator "Gabriele Ballarin"]
[PlyCount "76"]
[EventDate "1981.10.15"]
[EventType "swiss"]
[EventRounds "9"]
[EventCountry "ITA"]

1. e4 c6 2. d4 d5 3. Nd2 dxe4 4. Nxe4 Bf5 5. Ng3 Bg6 6. Nf3 Nd7 7. h4 h6 8. h5 Bh7 9. Bd3 Bxd3 10. Qxd3 Qc7 11. Bd2 e6 12. O-O-O O-O-O 13. Kb1 Ngf6 14. Ne4 Nxe4 15. Qxe4 Nf6 16. Qe2 Bd6 17. g3 Rhe8 18. Ne5 Bxe5 19. dxe5 Nd7 20. Rhe1 Nb6 21. Bb4 Rxd1+ 22. Rxd1 Rd8 23. Bd6 Qd7 24. c4 Qe8 25. b3 Qh8 26. Qd2 Qh7+ 27. Kb2 a6 28. Qe3 Na8 29. Qa7 Nc7 30. g4 Qe4 31. Qc5 Ne8 32. Qd4 Qxd4+ 33. Rxd4 f6 34. f4 Nxd6 35. Rxd6 Rxd6 36. exd6 c5 37. b4 b6 38. a3 Kd7 0-1

[Event "11.C.to Italiano femminile"]
[Site "Amelia ITA"]
[Date "1981.10.19"]
[Round "4"]
[White "Iacono, Rosaria"]
[Black "Granatelli, Alda"]
[Result "1/2-1/2"]
[WhiteElo "1400"]
[BlackElo "1200"]
[Annotator "Gabriele Ballarin"]
[PlyCount "95"]
[EventDate "1981.10.15"]
[EventType "swiss"]
[EventRounds "9"]
[EventCountry "ITA"]

1. e4 c6 2. d4 d5 3. Nc3 dxe4 4. Nxe4 Bf5 5. Ng3 Bg6 6. Nf3 Nd7 7. h4 h6 8. h5 Bh7 9. Bd3 Bxd3 10. Qxd3 Ngf6 11. Bf4 e6 12. O-O-O Qa5 13. Qb3 Qb6 14. Rhe1 Qxb3 15. axb3 Be7 16. Ne5 O-O 17. Nxd7 Nxd7 18. Ne4 Rfe8 19. g4 Nf6 20. Nxf6+ Bxf6 21. Be5 Bxe5 22. Rxe5 Rad8 23. c3 Rd5 24. Rde1 Rxe5 25. Rxe5 Rd8 26. f4 Rd5 27. Rxd5 exd5 28. c4 dxc4 29. bxc4 g6 30. hxg6 fxg6 31. Kd2 Kf7 32. Ke3 Ke6 33. Ke4 a5 34. f5+ gxf5+ 35. gxf5+ Kf6 36. d5 cxd5+ 37. cxd5 h5 38. d6 h4 39. Kf4 h3 40. Kg3 b5 41. Kxh3 a4 42. Kg4 b4 43. d7 Ke7 44. Kg5 Kxd7 45. Kg6 a3 46. bxa3 bxa3 47. f6 a2 48. f7 1/2-1/2

[Event "11.C.to Italiano femminile"]
[Site "Amelia ITA"]
[Date "1981.10.19"]
[Round "4"]
[White "Perini, Gianna"]
[Black "Ameglio, Lucia"]
[Result "1-0"]
[WhiteElo "1400"]
[BlackElo "800"]
[Annotator "Gabriele Ballarin"]
[PlyCount "61"]
[EventDate "1981.10.15"]
[EventType "swiss"]
[EventRounds "9"]
[EventCountry "ITA"]

1. d4 d5 2. c4 e6 3. Nf3 Nc6 4. e3 Nf6 5. Nc3 Bb4 6. a3 Bd6 7. Bd3 O-O 8. O-O e5 9. cxd5 exd4 10. dxc6 dxc3 11. e4 Bg4 12. Re1 Be5 13. Qc2 Bxf3 14. gxf3 Qd4 15. Be3 Qd6 16. cxb7 Bxh2+ 17. Kf1 Rab8 18. Qxc3 Rxb7 19. Bc5 Qe6 20. Bxf8 Kxf8 21. Rab1 Rb3 22. Qc2 Rb7 23. b4 Qh3+ 24. Ke2 Qg2 25. Qc5+ Bd6 26. Qe3 h5 27. Rh1 c5 28. Rbg1 Qxg1 29. Rxg1 cxb4 30. axb4 Bxb4 31. Qc1 1-0

[Event "11.C.to Italiano femminile"]
[Site "Amelia ITA"]
[Date "1981.10.19"]
[Round "4"]
[White "Pernici, Barbara"]
[Black "Leoni, Laura"]
[Result "1-0"]
[WhiteElo "2000"]
[BlackElo "1400"]
[Annotator "Gabriele Ballarin"]
[PlyCount "47"]
[EventDate "1981.10.15"]
[EventType "swiss"]
[EventRounds "9"]
[EventCountry "ITA"]

1. e4 d6 2. d4 g6 3. Nf3 Bg7 4. Nc3 Bg4 5. Be2 Nf6 6. O-O O-O 7. Be3 Re8 8. Re1 Nbd7 9. h3 Bxf3 10. Bxf3 e5 11. d5 Nb6 12. Qe2 a6 13. a4 Nc8 14. Bg5 Qd7 15. a5 b5 16. axb6 cxb6 17. Rxa6 Rxa6 18. Qxa6 h6 19. Be3 Qc7 20. Ra1 Kf8 21. Ra4 Nd7 22. Qc4 Qxc4 23. Rxc4 Nb8 24. Bg4 1-0

[Event "11.C.to Italiano femminile"]
[Site "Amelia ITA"]
[Date "1981.10.20"]
[Round "5"]
[White "Chiapponi, Paola"]
[Black "Belfiore, Argentina"]
[Result "1-0"]
[WhiteElo "1400"]
[BlackElo "1400"]
[Annotator "Gabriele Ballarin"]
[PlyCount "57"]
[EventDate "1981.10.15"]
[EventType "swiss"]
[EventRounds "9"]
[EventCountry "ITA"]

1. d4 d5 2. Nf3 Nf6 3. e3 a6 4. c4 e6 5. a3 Be7 6. Nc3 O-O 7. Bd3 h6 8. O-O Nh7 9. cxd5 exd5 10. Qc2 f5 11. Ne5 Qd6 12. f4 Nc6 13. Qf2 Nxe5 14. fxe5 Qd8 15. Qf3 Be6 16. Qh5 Qe8 17. Qh3 Ng5 18. Qg3 Qg6 19. h4 Nf3+ 20. Qxf3 Qg4 21. Qxg4 fxg4 22. h5 Bh4 23. Bd2 g3 24. Rf4 Bg5 25. Rxf8+ Rxf8 26. Rf1 c6 27. Bh7+ Kxh7 28. Rxf8 Bg4 29. Kf1 {Nur} 1-0